SAKT ročenka ...
| Corporate Author: | |
|---|---|
| Format: | Serial |
| Language: | Slovak English Czech |
| PhysicalDescription: | zv. tab. 21 cm |
| Published: |
Banská Bystrica
Dali-BB
|
| ISBN: | 9788089090327 (brož. : 2007) 9788089090440 (brož. : 2008) 9788089090617 (brož. : 2009) 9788089090723 (brož. : 2010) 9788089090969 (brož. : 2011) 9788081410161 (brož. : 2012) 9788081410369 (brož. : 2013) 9788081410659 (brož. : 2014) 9788081410932 (brož. : 2015) 9788081411250 (brož. : 2016) 9788081411564 (brož. : 2017) 9788081411861 (brož. : 2018) 9788081412158 (brož. : 2019) 9788081412448 (brož. : 2020) |
| Subjects: | |
| Online Access: | www.sakt.sk |
MARC
| LEADER | 00000cas a2200000 a 4500 | ||
|---|---|---|---|
| 001 | vtls010481735 | ||
| 003 | SK-MaSNL | ||
| 005 | 20260425194127.0 | ||
| 008 | 191126c20009999xo ar| 0 b0slo | ||
| 015 | |a SNBB2013-(2007, 2008, 2009, 2010, 2011, 2012) |a SNBB2015-(2013, 2014, 2015) |a SNBB2016-(2016) |a SNBB2017-(2017) |a SNBB2018-(2018) |a SNBB2019-(2019) |a SNBB2020-(2020) | ||
| 020 | |a 9788089090327 (brož. : 2007) | ||
| 020 | |a 9788089090440 (brož. : 2008) | ||
| 020 | |a 9788089090617 (brož. : 2009) | ||
| 020 | |a 9788089090723 (brož. : 2010) | ||
| 020 | |a 9788089090969 (brož. : 2011) | ||
| 020 | |a 9788081410161 (brož. : 2012) | ||
| 020 | |a 9788081410369 (brož. : 2013) | ||
| 020 | |a 9788081410659 (brož. : 2014) | ||
| 020 | |a 9788081410932 (brož. : 2015) | ||
| 020 | |a 9788081411250 (brož. : 2016) | ||
| 020 | |a 9788081411564 (brož. : 2017) | ||
| 020 | |a 9788081411861 (brož. : 2018) | ||
| 020 | |a 9788081412158 (brož. : 2019) | ||
| 020 | |a 9788081412448 (brož. : 2020) | ||
| 040 | |a SNK |b slo |c SNK |e AACR2 | ||
| 041 | 0 | |a slo |a eng |a cze | |
| 043 | |a e-xo--- | ||
| 044 | |a xo |c SK | ||
| 072 | 7 | |a 621.39 |x Oznamovacia technika |2 konspekt | |
| 072 | 7 | |a 334 |x Formy organizácie a spolupráce v ekonomike |2 konspekt | |
| 080 | |a 621.397.743 |2 2001 | ||
| 080 | |a 621.39 |2 2011 | ||
| 080 | |a (437.6) |2 2011 | ||
| 080 | |a 334.012.46 |2 2001 | ||
| 080 | |a (058) |2 2011 | ||
| 080 | |a (036) |2 2011 | ||
| 110 | 2 | |a Slovenská asociácia pre káblové telekomunikácie |9 268192 | |
| 245 | 1 | 0 | |a SAKT |b ročenka ... |c Slovenská asociácia pre káblové telekomunikácie |
| 246 | 3 | 3 | |a Ročenka ... |
| 260 | |a Banská Bystrica |b Dali-BB | ||
| 300 | |a zv. |b tab. |c 21 cm | ||
| 310 | |a 1x ročne | ||
| 362 | 0 | |a 2000- |z webová stránka SAKT | |
| 500 | |a Súčasťou podnázvu je rok | ||
| 500 | |a Popis podľa r. 2007 | ||
| 500 | |a Ročenka 2016 má podnázov: 25 rokov (1991-2016) | ||
| 504 | |a Bibliografické odkazy ; poznámky | ||
| 546 | |a Čiast. text aj angl., čes. | ||
| 650 | 0 | 7 | |a neziskové organizácie |2 SNKPH |9 2670 |
| 650 | 0 | 7 | |a káblová televízia |2 SNKPH |9 68478 |
| 650 | 0 | 7 | |a telekomunikácia |2 SNKPH |9 105923 |
| 650 | 0 | 7 | |a Nonprofit organizations |2 SNKPHeng |9 266338 |
| 650 | 0 | 7 | |a Cable television |2 SNKPHeng |9 268193 |
| 650 | 0 | 7 | |a Telecommunication |2 SNKPHeng |9 267624 |
| 651 | 7 | |a Slovensko |2 SNKPHgeo |9 14231 | |
| 651 | 7 | |a Slovakia |2 SNKPHeng |9 92630 | |
| 655 | 7 | |a ročenky |2 SNKPH |9 57146 | |
| 655 | 7 | |a Yearbooks |2 SNKPHeng |9 120938 | |
| 655 | 7 | |a informačné publikácie |2 SNKPH |9 70181 | |
| 655 | 7 | |a Information publications |2 SNKPHeng |9 265188 | |
| 856 | 4 | |u www.sakt.sk | |
| 910 | |a snk | ||
| 919 | |a 978-80-89090-32-7 | ||
| 919 | |a 978-80-89090-44-0 | ||
| 919 | |a 978-80-89090-61-7 | ||
| 919 | |a 978-80-89090-72-3 | ||
| 919 | |a 978-80-89090-96-9 | ||
| 919 | |a 978-80-8141-016-1 | ||
| 919 | |a 978-80-8141-036-9 | ||
| 919 | |a 978-80-8141-065-9 | ||
| 919 | |a 978-80-8141-093-2 | ||
| 919 | |a 978-80-8141-125-0 | ||
| 919 | |a 978-80-8141-156-4 | ||
| 919 | |a 978-80-8141-186-1 | ||
| 919 | |a 978-80-8141-215-8 | ||
| 919 | |a 978-80-8141-244-8 | ||
| 958 | |a NB | ||
| 999 | |c 4656 |d 6586 | ||
| 952 | |a SNK |b SNK |y PREZ |7 0 |p 17A1095585 |o snkČSC 3501/2020 |i snk2020/22795 |8 0 |0 0 |1 0 |4 0 |d 2020-12-15 |l 0 |r 2026-02-21 19:24:29 |w 2026-02-21 | ||
| 952 | |a SNK |b SNK |y PREZ |7 0 |p 17A1095586 |o snkČSC 3501/2020 D1 |i snk2020/22796 |8 0 |0 0 |1 0 |4 0 |d 2020-12-15 |l 0 |r 2026-02-21 19:24:29 |w 2026-02-21 | ||
| 952 | |a SNK |b SNK |y PREZ |7 0 |p 17A1096062 |o snkČSC 3501/2015 |i snk2015/26870 |8 0 |0 0 |1 0 |4 0 |d 2015-09-22 |l 0 |r 2026-02-21 20:43:54 |w 2026-02-21 | ||
| 952 | |a SNK |b SNK |y PREZ |7 0 |p 17A1096063 |o snkČSC 3501/2015 D1 |i snk2015/26871 |8 0 |0 0 |1 0 |4 0 |d 2015-09-22 |l 0 |r 2026-02-21 20:43:54 |w 2026-02-21 | ||
| 952 | |a SNK |b SNK |y PREZ |7 0 |p 17A0871024 |o snkČSC 3501/2013 |i snk2015/898 |8 0 |0 0 |1 0 |4 0 |d 2015-01-14 |l 0 |r 2026-02-21 20:51:48 |w 2026-02-21 | ||
| 952 | |a SNK |b SNK |y PREZ |7 0 |p 17A0871023 |o snkČSC 3501/2013 D1 |i snk2015/918 |8 0 |0 0 |1 0 |4 0 |d 2015-01-14 |l 0 |r 2026-02-21 20:51:48 |w 2026-02-21 | ||
| 952 | |a SNK |b SNK |y PREZ |7 0 |p 17A0871179 |o snkČSC 3501/2014 D1 |i snk2015/1608 |8 0 |0 0 |1 0 |4 0 |d 2015-01-20 |l 0 |r 2026-02-21 20:52:19 |w 2026-02-21 | ||
| 952 | |a SNK |b SNK |y PREZ |7 0 |p 17A0871178 |o snkČSC 3501/2014 |i snk2015/1604 |8 0 |0 0 |1 0 |4 0 |d 2015-01-20 |l 0 |r 2026-02-21 20:52:19 |w 2026-02-21 | ||
| 952 | |a SNK |b SNK |y PREZ |7 0 |p 17A0672821 |o snkČSC 3501/2007 |i snk2013/561 |8 1 |0 0 |1 0 |4 0 |d 2013-01-09 |l 0 |r 2026-02-21 21:23:44 |w 2026-02-21 | ||
| 952 | |a SNK |b SNK |y PREZ |7 0 |p 17A0672822 |o snkČSC 3501/2007 D1 |i snk2013/563 |8 1 |0 0 |1 0 |4 0 |d 2013-01-09 |l 0 |r 2026-02-21 21:23:44 |w 2026-02-21 | ||
| 952 | |a SNK |b SNK |y PREZ |7 0 |p 17A0599372 |o snkČSC 3501/2008 |i snk2013/564 |8 1 |0 0 |1 0 |4 0 |d 2013-01-09 |l 0 |r 2026-02-21 21:23:44 |w 2026-02-21 | ||
| 952 | |a SNK |b SNK |y PREZ |7 0 |p 17A0599373 |o snkČSC 3501/2008 D1 |i snk2013/566 |8 1 |0 0 |1 0 |4 0 |d 2013-01-09 |l 0 |r 2026-02-21 21:23:44 |w 2026-02-21 | ||
| 952 | |a SNK |b SNK |y PREZ |7 0 |p 17A0672824 |o snkČSC 3501/2009 |i snk2013/567 |8 1 |0 0 |1 0 |4 0 |d 2013-01-09 |l 0 |r 2026-02-21 21:23:44 |w 2026-02-21 | ||
| 952 | |a SNK |b SNK |y PREZ |7 0 |p 17A0866552 |o snkČSC 3501/2009 D1 |i snk2013/580 |8 1 |0 0 |1 0 |4 0 |d 2013-01-09 |l 0 |r 2026-02-21 21:23:44 |w 2026-02-21 | ||
| 952 | |a SNK |b SNK |y PREZ |7 0 |p 17A0672825 |o snkČSC 3501/2010 |i snk2013/582 |8 1 |0 0 |1 0 |4 0 |d 2013-01-09 |l 0 |r 2026-02-21 21:23:44 |w 2026-02-21 | ||
| 952 | |a SNK |b SNK |y PREZ |7 0 |p 17A0672826 |o snkČSC 3501/2010 D1 |i snk2013/585 |8 1 |0 0 |1 0 |4 0 |d 2013-01-09 |l 0 |r 2026-02-21 21:23:44 |w 2026-02-21 | ||
| 952 | |a SNK |b SNK |y PREZ |7 0 |p 17A0866553 |o snkČSC 3501/2011 |i snk2013/586 |8 0 |0 0 |1 0 |4 0 |d 2013-01-09 |l 0 |r 2026-02-21 21:23:44 |w 2026-02-21 | ||
| 952 | |a SNK |b SNK |y PREZ |7 0 |p 17A0866554 |o snkČSC 3501/2011 D1 |i snk2013/587 |8 0 |0 0 |1 0 |4 0 |d 2013-01-09 |l 0 |r 2026-02-21 21:23:44 |w 2026-02-21 | ||
| 952 | |a SNK |b SNK |y PREZ |7 0 |p 17A0866555 |o snkČSC 3501/2012 |i snk2013/589 |8 0 |0 0 |1 0 |4 0 |d 2013-01-09 |l 0 |r 2026-02-21 21:23:44 |w 2026-02-21 | ||
| 952 | |a SNK |b SNK |y PREZ |7 0 |p 17A0866556 |o snkČSC 3501/2012 D1 |i snk2013/590 |8 0 |0 0 |1 0 |4 0 |d 2013-01-09 |l 0 |r 2026-02-21 21:23:44 |w 2026-02-21 | ||
| 952 | |a SNK |b SNK |y PREZ |7 0 |p 17A1263809 |o snkČSC 3501/2017 |i snk2017/18649 |8 0 |0 0 |1 0 |4 0 |d 2017-08-21 |l 0 |r 2026-02-21 21:48:55 |w 2026-02-21 | ||
| 952 | |a SNK |b SNK |y PREZ |7 0 |p 17A1263810 |o snkČSC 3501/2017 D1 |i snk2017/18650 |8 0 |0 0 |1 0 |4 0 |d 2017-08-21 |l 0 |r 2026-02-21 21:48:55 |w 2026-02-21 | ||
| 952 | |a SNK |b SNK |y PREZ |7 0 |p 17A1202834 |o snkČSC 3501/2016 |i snk2016/21505 |8 0 |0 0 |1 0 |4 0 |d 2016-09-14 |l 0 |r 2026-02-21 22:03:35 |w 2026-02-21 | ||
| 952 | |a SNK |b SNK |y PREZ |7 0 |p 17A1202835 |o snkČSC 3501/2016 D1 |i snk2016/21512 |8 0 |0 0 |1 0 |4 0 |d 2016-09-14 |l 0 |r 2026-02-21 22:03:39 |w 2026-02-21 | ||
| 952 | |a SNK |b SNK |y PREZ |7 0 |p 17A1382607 |o snkČSC 3501/2019 |i snk2019/30518 |8 0 |0 0 |1 0 |4 0 |d 2019-11-26 |l 0 |r 2026-02-21 22:08:28 |w 2026-02-21 | ||
| 952 | |a SNK |b SNK |y PREZ |7 0 |p 17A1382608 |o snkČSC 3501/2019 D1 |i snk2019/30519 |8 0 |0 0 |1 0 |4 0 |d 2019-11-26 |l 0 |r 2026-02-21 22:08:28 |w 2026-02-21 | ||
| 952 | |a SNK |b SNK |y PREZ |7 0 |p 17A1327364 |o snkČSC 3501/2018 |i snk2018/16571 |8 0 |0 0 |1 0 |4 0 |d 2018-08-09 |l 0 |r 2026-02-21 22:20:15 |w 2026-02-21 | ||
| 952 | |a SNK |b SNK |y PREZ |7 0 |p 17A1327365 |o snkČSC 3501/2018 D1 |i snk2018/16572 |8 0 |0 0 |1 0 |4 0 |d 2018-08-09 |l 0 |r 2026-02-21 22:20:15 |w 2026-02-21 | ||


